000 00616nam a2200253Ia 4500
005 20260330155112.0
008 008 300114s9999 xx 000 0 eng d
020 _a9781444396874
037 _aEBOOK
040 _aCRL
040 _beng
040 _cCRL
041 _2eng
041 _aeng
084 _qCRL
245 0 _aContemporary America: Power, Dependency, and Globalization since 1980
260 _bWiley
260 _c2011
650 _aHistory
856 _uhttps://wileysgp.ipublishcentral.net/product-details/17045
942 _cEBOOK
999 _c1843926
_d1843926